000 02190nam0a2200421 4500
001 RU\NLR\bibl\1409328
005 20260406142957.0
010 _a978-5-9692-0515-4
_92000
021 _aRU
_b2009-53213
_93279
035 _a(nilc)RSL-KNO-004351045
035 _a(NLR Aleph) 001401317
090 _a1224240
_c1224240
100 _a20090629d2009 |||y0rusy50 ca
101 0 _arus
102 _aRU
105 _ay |||||||||
200 1 _aЭкологическое право
_eучебник для вузов
_eдля студентов высших учебных заведений, обучающихся по специальностям и направлению юридического профиля
_f[Боголюбов С. А., д.ю.н., проф., Горохов Д.Б., к.ю.н., Гумерова А.Р., асп. и др.]
_gпод ред. д.ю.н., проф. С. А. Боголюбова
205 _a2-е изд., перераб. и доп.
210 _aМосква
_cЮрайт
_cВысш. образование
_d2009
_eАрхангельск
_gИПП Правда Севера
215 _a481 с.
_d21
225 1 _aОсновы наук
300 _aАвт. указаны на 8-й с.
320 _aБиблиогр. в конце глав и подстроч. примеч.
606 1 _aЭкологическое право
_jУчебники для высших учебных заведений
_yРоссийская Федерация
_92073085
_3RU\NLR\auth\661247957
686 _aХ625.9я73-1
_2rubbk
686 _a10.53.91
_2rugasnti
686 _a67.407я73-1
_vLBC/PL
_2rubbk
686 _aХ625.9я73
701 1 _4070
_8rus
_7ca
_aБоголюбов
_bС. А.
_f1936-
_gСергей Александрович
_3RU\NLR\auth\773617
_9113611
701 1 _4070
_8rus
_7ca
_aГорохов
_bД. Б.
_f1962-
_gДмитрий Борисович
_3RU\NLR\auth\7796864
_979790
701 1 _aГумерова
_bА. Р.
_4070
801 0 _aRU
_bРГБ
_c20090629
_grcr
801 1 _aRU
_bРГБ
_c20090629
801 2 _aRU
_bАрхангельская ОНБ
_c20090917
_gPSBO
801 2 _aRU
_bNLR
_c20090908
_grcr
942 _cBOOK
980 _aNB